000
00290nam a22001217a 4500
082
_a
891.4398
_b
MAN
_c
D
245
_a
منٹو نما
260
_a
Lahore
_b
sangemeel
_c
1999
300
_a
500p.:
_c
30cm.
526
_a
0
_b
0
_c
0
_d
891_439800000000000_MAN
650
_a
MCE
_9
379
942
_2
ddc
_c
BK
999
_c
550310
_d
550310